000 00993nam a22002771u 4500
001 05223
003 HDC
007 cr bn ---aaaaa
008 210119p9999 o d 00 engg
040 _aHDC
100 _aMohammed Ibrahim
_95420
245 2 _aA Pilot Study of Halal Goat-Meat Consumption in Atlanta, Georgia / by
_cMohammed Ibrahim, Xuanli Liu, and Mack Nelson
260 _a[no place] :
_b[publisher not identified],
_c[no year]
300 _a 1 online resource (8 pages)
336 _atext
_2rdacontent
337 _acomputer
_2rdamedia
338 _aonline resource
_2rdacarrier
650 _aHalal Goat-Meat
_95421
650 _aMuslim Consumers
_91443
700 _aNelson, Mack
_eauthor
_95423
700 _aXuanli, Liu
_eauthor
_95422
856 _zRequest full-text at [email protected]
942 _2lcc
942 _cAR
942 _kJART 001328
999 _c2547
_d2547